[Event "DVM U20 2023"]
[Site "Magdeburg GER"]
[Date "2023.12.30"]
[Round "7"]
[White "Finck, Jonathan"]
[Black "Tulchynsky, Mark"]
[Result "0-1"]
[Termination "normal"]
[Board "6.6"]
[WhiteElo "1520"]
[BlackElo "1625"]
[WhiteClock "00:54:34"]
[BlackClock "01:08:41"]
[WhiteTeam "USG Chemnitz"]
[BlackTeam "KSV Rochade Göttingen (Veltheim)"]
[PlyCount "40"]
[WhiteFideId "34630155"]
[BlackFideId "34617698"]
[EventCountry "GER"]
[EventRounds "7"]
[EventType "team-swiss"]
[EventDate "2023.12.26"]

1. e4 {[%emt 00:00:02]} e5 {[%clk 01:31:00]} 2. Nf3 {[%clk 01:31:23]} {[%emt
00:00:07]} Nc6 {[%clk 01:31:28]} {[%emt 00:00:02]} 3. Bb5 {[%clk 01:31:38]}
{[%emt 00:00:14]} Nf6 {[%clk 01:30:17]} {[%emt 00:01:41]} 4. c3 {[%clk
01:29:26]} {[%emt 00:02:41]} Bc5 {[%clk 01:22:59]} {[%emt 00:07:47]} 5. d4
{[%clk 01:26:27]} {[%emt 00:03:29]} exd4 {[%clk 01:22:30]} {[%emt 00:01:00]} 6.
e5 {[%clk 01:20:48]} {[%emt 00:06:09]} Qe7 {[%clk 01:15:51]} {[%emt 00:07:09]}
7. cxd4 {[%clk 01:18:19]} {[%emt 00:02:58]} Nxd4 {[%clk 01:13:36]} {[%emt
00:02:45]} 8. Nxd4 {[%clk 01:16:23]} {[%emt 00:02:26]} Qxe5+ {[%clk 01:13:59]}
{[%emt 00:00:08]} 9. Be3 {[%clk 01:13:04]} {[%emt 00:03:49]} Bxd4 {[%clk
01:13:27]} {[%emt 00:01:02]} 10. Bxd7+ {[%clk 01:12:41]} {[%emt 00:00:52]} Bxd7
{[%clk 01:12:55]} {[%emt 00:01:03]} 11. Qxd4 {[%clk 01:13:00]} {[%emt
00:00:10]} Qxd4 {[%clk 01:11:50]} {[%emt 00:01:36]} 12. Bxd4 {[%clk 01:13:26]}
{[%emt 00:00:03]} O-O-O {[%clk 01:11:55]} {[%emt 00:00:26]} 13. Nd2 {[%clk
01:09:44]} {[%emt 00:04:12]} Rhe8+ {[%clk 01:12:13]} {[%emt 00:00:12]} 14. Be3
{[%clk 01:08:39]} {[%emt 00:01:34]} Ng4 {[%clk 01:12:24]} {[%emt 00:00:20]} 15.
Nf1 {[%clk 01:07:42]} {[%emt 00:01:28]} Bc6 {[%clk 01:11:39]} {[%emt 00:01:13]}
16. Rg1 {[%clk 01:07:21]} {[%emt 00:00:51]} f5 {[%clk 01:10:09]} {[%emt
00:02:01]} 17. g3 {[%clk 01:06:28]} {[%emt 00:01:22]} g5 {[%clk 01:09:18]}
{[%emt 00:01:21]} 18. h3 {[%clk 01:02:41]} {[%emt 00:04:18]} Ne5 {[%clk
01:09:47]} {[%emt 00:00:01]} 19. f4 {[%clk 00:54:59]} {[%emt 00:08:11]} gxf4
{[%clk 01:08:12]} {[%emt 00:02:06]} 20. Bxf4 {[%clk 00:54:34]} {[%emt
00:00:56]} Nd3+ {[%clk 01:08:41]} 0-1

[Event "DVM U20 2023"]
[Site "Magdeburg GER"]
[Date "2023.12.30"]
[Round "7"]
[White "Pikalow, Michael"]
[Black "Helmsdorf, Marius"]
[Result "0-1"]
[Termination "normal"]
[Board "7.1"]
[WhiteElo "2083"]
[BlackElo "1891"]
[WhiteClock "00:34:01"]
[BlackClock "00:23:27"]
[WhiteTeam "USC Magdeburg"]
[BlackTeam "ESV Gera"]
[PlyCount "88"]
[WhiteFideId "16227638"]
[BlackFideId "16274873"]
[EventCountry "GER"]
[EventRounds "7"]
[EventType "team-swiss"]
[EventDate "2023.12.26"]

1. e4 {[%clk 01:30:58]} e6 {[%clk 01:30:58]} {[%emt 00:00:04]} 2. Nc3 {[%clk
01:30:14]} {[%emt 00:01:14]} d5 {[%clk 01:31:24]} {[%emt 00:00:04]} 3. d4
{[%clk 01:30:41]} {[%emt 00:00:04]} Nf6 {[%clk 01:31:50]} {[%emt 00:00:04]} 4.
e5 {[%clk 01:31:08]} {[%emt 00:00:03]} Nfd7 {[%clk 01:32:17]} {[%emt 00:00:02]}
5. f4 {[%clk 01:31:14]} {[%emt 00:00:25]} c5 {[%clk 01:32:43]} {[%emt
00:00:04]} 6. Nf3 {[%clk 01:31:42]} {[%emt 00:00:01]} Nc6 {[%clk 01:33:08]}
{[%emt 00:00:05]} 7. Be3 {[%clk 01:32:09]} {[%emt 00:00:04]} a6 {[%clk
01:33:36]} {[%emt 00:00:02]} 8. Qd2 {[%clk 01:31:10]} {[%emt 00:01:29]} b5
{[%clk 01:34:01]} {[%emt 00:00:04]} 9. dxc5 {[%clk 01:29:10]} {[%emt 00:02:31]}
Bxc5 {[%clk 01:34:25]} {[%emt 00:00:06]} 10. Bxc5 {[%clk 01:29:13]} {[%emt
00:00:26]} Nxc5 {[%clk 01:34:50]} {[%emt 00:00:06]} 11. Nd4 {[%clk 01:24:11]}
{[%emt 00:05:31]} Bd7 {[%clk 01:33:27]} {[%emt 00:01:53]} 12. a3 {[%clk
01:21:23]} {[%emt 00:03:19]} Qb6 {[%clk 01:30:35]} {[%emt 00:03:21]} 13. Nxc6
{[%clk 01:18:44]} {[%emt 00:03:09]} Bxc6 {[%clk 01:30:44]} {[%emt 00:00:19]}
14. Qd4 {[%clk 01:18:56]} {[%emt 00:00:19]} O-O {[%clk 01:23:51]} {[%emt
00:07:23]} 15. O-O-O {[%clk 01:04:30]} {[%emt 00:14:55]} Rfb8 {[%clk 01:19:38]}
{[%emt 00:04:44]} 16. b4 {[%clk 00:56:42]} {[%emt 00:08:18]} Nd7 {[%clk
01:19:44]} {[%emt 00:00:24]} 17. Qxb6 {[%clk 00:56:42]} {[%emt 00:00:31]} Nxb6
{[%clk 01:19:35]} {[%emt 00:00:38]} 18. Ne2 {[%clk 00:56:39]} {[%emt 00:00:33]}
Bb7 {[%clk 01:04:49]} {[%emt 00:15:15]} 19. Nd4 {[%clk 00:53:38]} {[%emt
00:03:32]} Nc4 {[%clk 00:59:05]} {[%emt 00:06:14]} 20. Rd3 {[%clk 00:47:05]}
{[%emt 00:07:02]} Kf8 {[%clk 00:56:21]} {[%emt 00:03:16]} 21. Be2 {[%clk
00:39:44]} {[%emt 00:07:49]} Ke7 {[%clk 00:56:00]} {[%emt 00:00:52]} 22. Rg3
{[%clk 00:34:41]} {[%emt 00:05:33]} g6 {[%clk 00:50:12]} {[%emt 00:06:18]} 23.
h4 {[%clk 00:34:42]} {[%emt 00:00:28]} h5 {[%clk 00:45:42]} {[%emt 00:05:01]}
24. Rd1 {[%clk 00:31:28]} {[%emt 00:03:43]} Nb6 {[%clk 00:40:17]} {[%emt
00:05:56]} 25. Nb3 {[%clk 00:29:37]} {[%emt 00:02:20]} Bc6 {[%clk 00:34:49]}
{[%emt 00:05:57]} 26. Rc3 {[%clk 00:25:22]} {[%emt 00:04:45]} Rc8 {[%clk
00:33:00]} {[%emt 00:02:19]} 27. g3 {[%clk 00:23:51]} {[%emt 00:02:01]} Na4
{[%clk 00:30:05]} {[%emt 00:03:26]} 28. Re3 {[%clk 00:22:52]} {[%emt 00:01:28]}
Rc7 {[%clk 00:30:03]} {[%emt 00:00:33]} 29. Nd4 {[%clk 00:17:42]} {[%emt
00:05:40]} Bd7 {[%clk 00:29:49]} {[%emt 00:00:45]} 30. g4 {[%clk 00:17:00]}
{[%emt 00:01:11]} hxg4 {[%clk 00:29:50]} {[%emt 00:00:30]} 31. Bxg4 {[%clk
00:17:23]} {[%emt 00:00:06]} a5 {[%clk 00:26:54]} {[%emt 00:03:26]} 32. Kd2
{[%clk 00:11:59]} {[%emt 00:05:53]} Nb2 {[%clk 00:25:20]} {[%emt 00:02:05]} 33.
Rde1 {[%clk 00:09:58]} {[%emt 00:02:30]} Nc4+ {[%clk 00:23:49]} {[%emt
00:02:01]} 34. Kd1 {[%clk 00:10:18]} {[%emt 00:00:10]} axb4 {[%clk 00:23:39]}
{[%emt 00:00:40]} 35. Rb3 {[%clk 00:09:52]} {[%emt 00:00:56]} bxa3 {[%clk
00:23:47]} {[%emt 00:00:23]} 36. Ke2 {[%clk 00:09:44]} {[%emt 00:00:36]} Ra5
{[%clk 00:13:49]} {[%emt 00:10:29]} 37. h5 {[%clk 00:08:18]} {[%emt 00:01:56]}
gxh5 {[%clk 00:13:48]} {[%emt 00:00:32]} 38. Bxh5 {[%clk 00:08:46]} Rc8 {[%clk
00:12:26]} {[%emt 00:01:53]} 39. Rg3 {[%clk 00:07:44]} {[%emt 00:01:31]} Rh8
{[%clk 00:12:10]} {[%emt 00:00:47]} 40. Rh1 {[%clk 00:07:46]} {[%emt 00:00:27]}
a2 {[%clk 00:11:13]} {[%emt 00:01:28]} 41. Nb3 {[%clk 00:08:10]} {[%emt
00:00:06]} Ra3 {[%clk 00:11:07]} {[%emt 00:00:35]} 42. Rg5 {[%clk 00:07:07]}
{[%emt 00:01:32]} b4 {[%clk 00:04:52]} {[%emt 00:06:46]} 43. f5 {[%clk
00:06:26]} {[%emt 00:01:10]} exf5 {[%clk 00:27:31]} {[%emt 00:07:52]} 44. Rg7
{[%clk 00:34:01]} {[%emt 00:02:56]} Rxh5 {[%clk 00:23:27]} {[%emt 00:04:33]}
0-1

[Event "DVM U20 2023"]
[Site "Magdeburg GER"]
[Date "2023.12.30"]
[Round "7"]
[White "Liebold, Aaron"]
[Black "Schiffner, Robin"]
[Result "1-0"]
[Termination "normal"]
[Board "7.2"]
[WhiteElo "2037"]
[BlackElo "1588"]
[WhiteClock "00:58:19"]
[BlackClock "01:02:33"]
[WhiteTeam "ESV Gera"]
[BlackTeam "USC Magdeburg"]
[PlyCount "61"]
[WhiteFideId "12997846"]
[BlackFideId "16210328"]
[EventCountry "GER"]
[EventRounds "7"]
[EventType "team-swiss"]
[EventDate "2023.12.26"]

1. e4 {[%clk 01:30:57]} {[%emt 00:00:04]} c5 {[%clk 01:30:51]} {[%emt
00:00:08]} 2. Nf3 {[%clk 01:30:45]} {[%emt 00:00:44]} d6 {[%clk 01:31:11]}
{[%emt 00:00:09]} 3. d4 {[%clk 01:31:12]} {[%emt 00:00:04]} cxd4 {[%clk
01:31:35]} {[%emt 00:00:05]} 4. Nxd4 {[%clk 01:31:38]} {[%emt 00:00:05]} Nf6
{[%clk 01:31:58]} {[%emt 00:00:06]} 5. Nc3 {[%clk 01:32:06]} {[%emt 00:00:02]}
Nc6 {[%clk 01:32:22]} {[%emt 00:00:06]} 6. Be2 {[%clk 01:30:39]} {[%emt
00:01:58]} e6 {[%clk 01:32:20]} {[%emt 00:00:31]} 7. Be3 {[%clk 01:30:36]}
{[%emt 00:00:34]} Be7 {[%clk 01:32:28]} {[%emt 00:00:21]} 8. Qd2 {[%clk
01:29:51]} {[%emt 00:01:15]} d5 {[%clk 01:28:30]} {[%emt 00:04:28]} 9. exd5
{[%clk 01:25:23]} {[%emt 00:04:57]} Nxd5 {[%clk 01:27:50]} {[%emt 00:01:11]}
10. Nxd5 {[%clk 01:20:30]} {[%emt 00:05:24]} Qxd5 {[%clk 01:20:40]} {[%emt
00:07:38]} 11. Bf3 {[%clk 01:11:05]} {[%emt 00:09:57]} Qd7 {[%clk 01:20:54]}
{[%emt 00:00:14]} 12. Nxc6 {[%clk 01:10:53]} {[%emt 00:00:45]} bxc6 {[%clk
01:21:21]} 13. O-O-O {[%clk 01:10:28]} {[%emt 00:00:56]} Qb7 {[%clk 01:13:14]}
{[%emt 00:08:33]} 14. Qc3 {[%clk 01:05:41]} {[%emt 00:05:21]} Bd7 {[%clk
01:08:50]} {[%emt 00:04:53]} 15. Rxd7 {[%clk 01:02:44]} {[%emt 00:03:28]} Kxd7
{[%clk 01:07:29]} {[%emt 00:01:50]} 16. Rd1+ {[%clk 01:03:11]} {[%emt
00:00:02]} Bd6 {[%clk 01:04:03]} {[%emt 00:03:54]} 17. Bf4 {[%clk 01:02:50]}
{[%emt 00:00:53]} Rac8 {[%clk 01:03:23]} {[%emt 00:01:09]} 18. Qxg7 {[%clk
01:01:52]} {[%emt 00:01:29]} Rhf8 {[%clk 01:02:17]} {[%emt 00:01:32]} 19. Bxd6
{[%clk 01:01:23]} {[%emt 00:01:04]} Qb5 {[%clk 01:00:36]} {[%emt 00:02:11]} 20.
Bxf8+ {[%clk 01:00:04]} {[%emt 00:01:50]} Kc7 {[%clk 01:00:58]} {[%emt
00:00:06]} 21. Qxf7+ {[%clk 00:59:53]} {[%emt 00:00:42]} Kb8 {[%clk 01:01:17]}
{[%emt 00:00:10]} 22. Qd7 {[%clk 00:58:44]} {[%emt 00:01:40]} Rxf8 {[%clk
00:59:51]} {[%emt 00:01:56]} 23. Qd6+ {[%clk 00:58:30]} {[%emt 00:00:44]} Kb7
{[%clk 01:00:16]} {[%emt 00:00:05]} 24. Qxf8 {[%clk 00:58:49]} {[%emt
00:00:10]} Qg5+ {[%clk 01:00:32]} {[%emt 00:00:14]} 25. Kb1 {[%clk 00:59:13]}
{[%emt 00:00:07]} Qh4 {[%clk 01:00:51]} {[%emt 00:00:11]} 26. Rd7+ {[%clk
00:58:49]} {[%emt 00:00:55]} Kb6 {[%clk 01:01:14]} {[%emt 00:00:07]} 27. Qb8+
{[%clk 00:58:52]} {[%emt 00:00:27]} Kc5 {[%clk 01:01:32]} {[%emt 00:00:10]} 28.
b4+ {[%clk 00:58:40]} {[%emt 00:00:44]} Kc4 {[%clk 01:01:56]} {[%emt 00:00:06]}
29. Be2+ {[%clk 00:58:52]} {[%emt 00:00:17]} Kc3 {[%clk 01:02:17]} {[%emt
00:00:09]} 30. Qe5+ {[%clk 00:58:27]} {[%emt 00:00:56]} Qd4 {[%clk 01:02:33]}
{[%emt 00:00:14]} 31. Qxd4# {[%clk 00:58:19]} {[%emt 00:00:07]} 1-0

[Event "DVM U20 2023"]
[Site "Magdeburg GER"]
[Date "2023.12.30"]
[Round "7"]
[White "Rabenstein, Jonathan"]
[Black "Frank, Marek"]
[Result "0-1"]
[Termination "normal"]
[Board "7.3"]
[WhiteElo "1441"]
[BlackElo "1596"]
[WhiteClock "00:26:23"]
[BlackClock "00:27:59"]
[WhiteTeam "USC Magdeburg"]
[BlackTeam "ESV Gera"]
[PlyCount "92"]
[WhiteFideId "16298462"]
[BlackFideId "16239520"]
[EventCountry "GER"]
[EventRounds "7"]
[EventType "team-swiss"]
[EventDate "2023.12.26"]

1. e4 {[%clk 01:30:37]} {[%emt 00:00:22]} c5 {[%clk 01:30:55]} {[%emt
00:00:07]} 2. Nf3 {[%clk 01:30:50]} {[%emt 00:00:17]} d6 {[%clk 01:30:41]}
{[%emt 00:00:44]} 3. Bb5+ {[%clk 01:30:47]} {[%emt 00:00:33]} Bd7 {[%clk
01:30:26]} {[%emt 00:00:46]} 4. Bxd7+ {[%clk 01:30:51]} {[%emt 00:00:24]} Qxd7
{[%clk 01:30:51]} {[%emt 00:00:06]} 5. c4 {[%clk 01:29:58]} {[%emt 00:01:23]}
Nc6 {[%clk 01:29:17]} {[%emt 00:02:05]} 6. d4 {[%clk 01:21:52]} {[%emt
00:08:35]} cxd4 {[%clk 01:29:27]} {[%emt 00:00:20]} 7. Nxd4 {[%clk 01:22:08]}
{[%emt 00:00:14]} g6 {[%clk 01:28:19]} {[%emt 00:01:39]} 8. O-O {[%clk
01:18:07]} {[%emt 00:04:29]} Bg7 {[%clk 01:28:16]} {[%emt 00:00:33]} 9. Be3
{[%clk 01:17:58]} {[%emt 00:00:40]} Nf6 {[%clk 01:28:33]} {[%emt 00:00:14]} 10.
Nc3 {[%clk 01:18:08]} {[%emt 00:00:19]} O-O {[%clk 01:28:41]} {[%emt 00:00:23]}
11. f3 {[%clk 01:09:01]} {[%emt 00:09:37]} Rac8 {[%clk 01:25:52]} {[%emt
00:03:19]} 12. b3 {[%clk 01:08:04]} {[%emt 00:01:27]} a6 {[%clk 01:24:07]}
{[%emt 00:02:15]} 13. Qd2 {[%clk 00:59:10]} {[%emt 00:09:24]} Rfe8 {[%clk
01:19:55]} {[%emt 00:04:42]} 14. Rad1 {[%clk 00:53:05]} {[%emt 00:06:35]} Qd8
{[%clk 01:17:41]} {[%emt 00:02:44]} 15. Nxc6 {[%clk 00:37:54]} {[%emt
00:15:41]} bxc6 {[%clk 01:12:51]} {[%emt 00:05:21]} 16. Na4 {[%clk 00:36:19]}
{[%emt 00:02:04]} Rb8 {[%clk 01:11:23]} {[%emt 00:01:58]} 17. Qf2 {[%clk
00:33:26]} {[%emt 00:03:23]} Qc7 {[%clk 01:04:16]} {[%emt 00:07:37]} 18. c5
{[%clk 00:30:48]} {[%emt 00:03:09]} d5 {[%clk 00:57:33]} {[%emt 00:07:12]} 19.
Nb6 {[%clk 00:22:32]} {[%emt 00:08:47]} e6 {[%emt 00:12:35]} 20. Qd2 {[%clk
00:15:48]} dxe4 {[%clk 00:40:53]} {[%emt 00:12:18]} 21. fxe4 {[%clk 00:14:21]}
{[%emt 00:01:58]} Nxe4 {[%clk 00:38:58]} {[%emt 00:02:25]} 22. Qd7 {[%clk
00:12:34]} {[%emt 00:02:17]} Re7 {[%clk 00:36:37]} {[%emt 00:02:51]} 23. Qd3
{[%clk 00:10:38]} {[%emt 00:02:24]} Nc3 {[%clk 00:32:51]} {[%emt 00:04:16]} 24.
Rd2 {[%clk 00:06:38]} {[%emt 00:04:32]} Nd5 {[%clk 00:30:41]} {[%emt 00:02:41]}
25. Bg5 {[%clk 00:04:09]} {[%emt 00:02:59]} Ree8 {[%clk 00:27:37]} {[%emt
00:03:33]} 26. Qxa6 {[%clk 00:02:58]} {[%emt 00:01:41]} Nxb6 {[%clk 00:23:25]}
{[%emt 00:04:42]} 27. cxb6 {[%clk 00:03:08]} {[%emt 00:00:19]} Qxb6+ {[%clk
00:17:36]} {[%emt 00:06:19]} 28. Qxb6 {[%clk 00:03:32]} {[%emt 00:00:07]} Rxb6
{[%clk 00:18:03]} {[%emt 00:00:03]} 29. Rd7 {[%clk 00:03:49]} {[%emt 00:00:12]}
f5 {[%clk 00:17:08]} {[%emt 00:01:24]} 30. Re1 {[%clk 00:02:40]} {[%emt
00:01:40]} Ra6 {[%clk 00:14:13]} {[%emt 00:03:26]} 31. a4 {[%clk 00:02:13]}
{[%emt 00:00:57]} c5 {[%clk 00:13:00]} {[%emt 00:01:41]} 32. Be7 {[%clk
00:02:07]} {[%emt 00:00:37]} Bd4+ {[%clk 00:11:12]} {[%emt 00:02:18]} 33. Kf1
{[%clk 00:02:28]} {[%emt 00:00:09]} e5 {[%clk 00:02:57]} {[%emt 00:08:45]} 34.
Rb7 {[%clk 00:01:41]} {[%emt 00:01:17]} c4 {[%clk 00:02:10]} {[%emt 00:01:17]}
35. bxc4 {[%clk 00:01:35]} {[%emt 00:00:37]} Rxa4 {[%clk 00:02:32]} {[%emt
00:00:07]} 36. c5 {[%clk 00:01:27]} {[%emt 00:00:39]} Rc8 {[%clk 00:02:14]}
{[%emt 00:00:47]} 37. Rc1 {[%clk 00:00:59]} {[%emt 00:00:59]} Ra6 {[%clk
00:01:48]} {[%emt 00:00:55]} 38. Bg5 {[%clk 00:00:57]} {[%emt 00:00:32]} Rxc5
{[%clk 00:01:10]} {[%emt 00:01:09]} 39. Rb8+ {[%clk 00:00:51]} {[%emt
00:00:35]} Kf7 {[%clk 00:01:07]} {[%emt 00:00:32]} 40. Rcb1 {[%clk 00:00:35]}
{[%emt 00:00:47]} Rc7 {[%clk 00:00:44]} {[%emt 00:00:53]} 41. R8b7 {[%clk
00:28:09]} {[%emt 00:02:57]} Ra7 {[%clk 00:29:20]} {[%emt 00:01:52]} 42. Rxc7+
{[%clk 00:28:11]} {[%emt 00:00:31]} Rxc7 {[%clk 00:29:44]} {[%emt 00:00:05]}
43. Rb4 {[%clk 00:28:32]} {[%emt 00:00:07]} Ke6 {[%clk 00:29:23]} {[%emt
00:00:52]} 44. Rb5 {[%clk 00:28:07]} {[%emt 00:00:55]} Ra7 {[%clk 00:28:13]}
{[%emt 00:01:40]} 45. Ke2 {[%clk 00:27:36]} {[%emt 00:01:01]} Ra2+ {[%clk
00:27:44]} {[%emt 00:01:00]} 46. Kf1 {[%clk 00:26:23]} {[%emt 00:01:43]} Rf2+
{[%clk 00:27:59]} {[%emt 00:00:14]} 0-1

[Event "DVM U20 2023"]
[Site "Magdeburg GER"]
[Date "2023.12.30"]
[Round "7"]
[White "Barz, Henrik"]
[Black "Burghardt, Jonathan"]
[Result "1-0"]
[Termination "normal"]
[Board "7.4"]
[WhiteElo "1539"]
[BlackElo "1260"]
[WhiteClock "00:18:45"]
[BlackClock "00:04:38"]
[WhiteTeam "ESV Gera"]
[BlackTeam "USC Magdeburg"]
[PlyCount "127"]
[WhiteFideId "34628320"]
[BlackFideId "34617965"]
[EventCountry "GER"]
[EventRounds "7"]
[EventType "team-swiss"]
[EventDate "2023.12.26"]

1. e4 {[%clk 01:30:58]} {[%emt 00:00:02]} c6 {[%clk 01:30:52]} {[%emt
00:00:07]} 2. d4 {[%clk 01:31:24]} {[%emt 00:00:03]} d5 {[%clk 01:31:17]}
{[%emt 00:00:05]} 3. e5 {[%clk 01:31:10]} {[%emt 00:00:45]} Bf5 {[%clk
01:31:32]} {[%emt 00:00:15]} 4. Nf3 {[%clk 01:31:26]} {[%emt 00:00:14]} e6
{[%clk 01:27:49]} {[%emt 00:04:13]} 5. Be2 {[%clk 01:31:44]} {[%emt 00:00:12]}
Ne7 {[%clk 01:26:41]} {[%emt 00:01:37]} 6. O-O {[%clk 01:31:18]} {[%emt
00:00:57]} h6 {[%clk 01:26:45]} {[%emt 00:00:27]} 7. c4 {[%clk 01:29:35]}
{[%emt 00:02:12]} Nd7 {[%clk 01:20:53]} {[%emt 00:06:21]} 8. Nc3 {[%clk
01:26:22]} {[%emt 00:03:44]} Bh7 {[%clk 01:19:05]} {[%emt 00:02:18]} 9. h4
{[%clk 01:25:15]} {[%emt 00:01:37]} Nf5 {[%clk 01:18:14]} {[%emt 00:01:20]} 10.
g3 {[%clk 01:22:32]} {[%emt 00:03:13]} Be7 {[%clk 01:17:04]} {[%emt 00:01:40]}
11. cxd5 {[%clk 01:20:58]} {[%emt 00:02:04]} cxd5 {[%clk 01:17:08]} {[%emt
00:00:26]} 12. Be3 {[%clk 01:20:02]} {[%emt 00:01:26]} O-O {[%clk 01:15:51]}
{[%emt 00:01:47]} 13. Qd2 {[%clk 01:15:35]} {[%emt 00:04:57]} a6 {[%clk
01:12:36]} {[%emt 00:03:44]} 14. Kg2 {[%clk 01:12:04]} {[%emt 00:04:01]} b5
{[%clk 01:09:51]} {[%emt 00:03:15]} 15. a3 {[%clk 01:11:49]} {[%emt 00:00:44]}
Nb6 {[%clk 01:09:47]} {[%emt 00:00:36]} 16. Rh1 {[%clk 01:10:52]} {[%emt
00:01:27]} Nc4 {[%clk 01:08:41]} {[%emt 00:01:35]} 17. Bxc4 {[%clk 01:10:40]}
{[%emt 00:00:42]} bxc4 {[%clk 01:07:55]} {[%emt 00:01:16]} 18. g4 {[%clk
01:11:06]} {[%emt 00:00:04]} Nxh4+ {[%clk 01:03:34]} {[%emt 00:04:51]} 19. Nxh4
{[%clk 01:11:10]} {[%emt 00:00:27]} Bxh4 {[%clk 01:03:55]} {[%emt 00:00:08]}
20. Bxh6 {[%clk 01:11:26]} {[%emt 00:00:14]} f5 {[%clk 00:53:33]} {[%emt
00:10:51]} 21. Be3 {[%clk 01:03:10]} {[%emt 00:08:46]} fxg4 {[%clk 00:51:51]}
{[%emt 00:02:12]} 22. Rh2 {[%clk 00:53:04]} {[%emt 00:10:37]} Bf5 {[%clk
00:46:53]} {[%emt 00:05:28]} 23. Rah1 {[%clk 00:40:59]} {[%emt 00:12:36]} g5
{[%clk 00:45:04]} {[%emt 00:02:19]} 24. Bf4 {[%clk 00:39:10]} {[%emt 00:02:19]}
Kg7 {[%clk 00:43:47]} {[%emt 00:01:47]} 25. Rxh4 {[%clk 00:38:57]} {[%emt
00:00:43]} gxf4 {[%clk 00:40:03]} {[%emt 00:04:13]} 26. Kg1 {[%clk 00:37:59]}
{[%emt 00:01:29]} Qe7 {[%clk 00:38:17]} {[%emt 00:02:16]} 27. Qxf4 {[%clk
00:36:50]} {[%emt 00:01:39]} Rh8 {[%clk 00:37:53]} {[%emt 00:00:54]} 28. Rxh8
{[%clk 00:30:47]} {[%emt 00:06:32]} Rxh8 {[%clk 00:37:25]} {[%emt 00:00:59]}
29. Rxh8 {[%clk 00:31:13]} {[%emt 00:00:03]} Kxh8 {[%clk 00:37:23]} {[%emt
00:00:33]} 30. Qh6+ {[%clk 00:31:35]} {[%emt 00:00:07]} Qh7 {[%clk 00:35:51]}
{[%emt 00:02:03]} 31. Qf8+ {[%clk 00:29:26]} {[%emt 00:02:40]} Qg8 {[%clk
00:34:52]} {[%emt 00:01:28]} 32. Qxg8+ {[%clk 00:29:54]} {[%emt 00:00:02]} Kxg8
{[%clk 00:34:45]} {[%emt 00:00:36]} 33. Kh2 {[%clk 00:30:17]} {[%emt 00:00:09]}
Kf7 {[%clk 00:33:34]} {[%emt 00:01:39]} 34. Kg3 {[%clk 00:30:24]} {[%emt
00:00:24]} Kg6 {[%clk 00:32:22]} {[%emt 00:01:41]} 35. Kh4 {[%clk 00:30:50]}
{[%emt 00:00:06]} a5 {[%clk 00:29:56]} {[%emt 00:02:54]} 36. Nd1 {[%clk
00:31:08]} {[%emt 00:00:13]} Bd3 {[%clk 00:27:58]} {[%emt 00:02:27]} 37. Nc3
{[%clk 00:18:59]} {[%emt 00:12:40]} Kf5 {[%clk 00:27:39]} {[%emt 00:00:48]} 38.
Kg3 {[%clk 00:19:24]} {[%emt 00:00:05]} Bc2 {[%clk 00:25:21]} {[%emt 00:02:47]}
39. f3 {[%clk 00:16:28]} {[%emt 00:03:27]} gxf3 {[%clk 00:22:56]} {[%emt
00:02:54]} 40. Kxf3 {[%clk 00:16:54]} {[%emt 00:00:05]} Be4+ {[%clk 00:21:58]}
{[%emt 00:01:28]} 41. Ke3 {[%clk 00:16:14]} {[%emt 00:01:10]} Bc2 {[%clk
00:20:59]} {[%emt 00:01:29]} 42. Nb5 {[%clk 00:16:21]} {[%emt 00:00:23]} Ba4
{[%clk 00:20:37]} {[%emt 00:00:51]} 43. Nd6+ {[%clk 00:16:38]} {[%emt
00:00:13]} Kg6 {[%clk 00:19:37]} {[%emt 00:01:29]} 44. Nb7 {[%clk 00:17:03]}
{[%emt 00:00:07]} Bc6 {[%clk 00:18:22]} {[%emt 00:01:44]} 45. Nxa5 {[%clk
00:17:10]} {[%emt 00:00:24]} Ba8 {[%clk 00:18:12]} {[%emt 00:00:40]} 46. b3
{[%clk 00:17:23]} {[%emt 00:00:19]} cxb3 {[%clk 00:18:08]} {[%emt 00:00:33]}
47. Nxb3 {[%clk 00:17:50]} {[%emt 00:00:03]} Kf5 {[%clk 00:17:39]} {[%emt
00:00:59]} 48. Nc5 {[%clk 00:17:57]} {[%emt 00:00:23]} Bc6 {[%clk 00:16:12]}
{[%emt 00:01:58]} 49. a4 {[%clk 00:17:23]} {[%emt 00:01:04]} Kg6 {[%clk
00:15:49]} {[%emt 00:00:52]} 50. a5 {[%clk 00:17:14]} {[%emt 00:00:40]} Kf7
{[%clk 00:16:01]} {[%emt 00:00:17]} 51. Kf4 {[%clk 00:17:35]} {[%emt 00:00:10]}
Ke7 {[%clk 00:16:24]} {[%emt 00:00:07]} 52. Kg5 {[%clk 00:17:49]} {[%emt
00:00:17]} Ba8 {[%clk 00:15:45]} {[%emt 00:01:07]} 53. Kg6 {[%clk 00:17:50]}
{[%emt 00:00:30]} Bc6 {[%clk 00:15:18]} {[%emt 00:00:57]} 54. Kg7 {[%clk
00:17:50]} {[%emt 00:00:30]} Ba8 {[%clk 00:14:57]} {[%emt 00:00:51]} 55. a6
{[%clk 00:15:44]} {[%emt 00:02:36]} Bc6 {[%clk 00:14:56]} {[%emt 00:00:30]} 56.
a7 {[%clk 00:16:07]} {[%emt 00:00:08]} Ba8 {[%clk 00:14:53]} {[%emt 00:00:32]}
57. Na4 {[%clk 00:16:27]} {[%emt 00:00:11]} Bc6 {[%clk 00:14:08]} {[%emt
00:01:15]} 58. Nb6 {[%clk 00:16:48]} {[%emt 00:00:10]} Bb7 {[%clk 00:14:16]}
{[%emt 00:00:21]} 59. a8=Q {[%clk 00:17:10]} {[%emt 00:00:09]} Bxa8 {[%clk
00:12:29]} {[%emt 00:02:16]} 60. Nxa8 {[%clk 00:17:35]} {[%emt 00:00:06]} Kd7
{[%clk 00:09:42]} {[%emt 00:03:17]} 61. Kf7 {[%clk 00:17:56]} {[%emt 00:00:08]}
Kc8 {[%clk 00:04:14]} {[%emt 00:05:58]} 62. Kxe6 {[%clk 00:18:19]} {[%emt
00:00:07]} Kd8 {[%clk 00:04:24]} {[%emt 00:00:20]} 63. Kd6 {[%clk 00:18:22]}
{[%emt 00:00:27]} Ke8 {[%clk 00:04:38]} {[%emt 00:00:16]} 64. e6 {[%clk
00:18:45]} {[%emt 00:00:07]} 1-0